Score 0/20 Timer 04:00
5 Plays Today
% Correct
The Big Bang Theory
96.3%
Two and a Half Men
94%
The Late Late Show
89.3%
How I Met Your Mother
86.9%
NCIS
86.8%
The Mentalist
86.2%
The Good Wife
84.7%
New Adventures of Old Christine
82.5%
Survivor
82.2%
Yes, Dear
81.9%
% Correct
The Amazing Race
81.6%
Criminal Minds
80.3%
Big Brother
77.2%
Ghost Whisperer
74.7%
Rules of Engagement
74.1%
CSI
72.6%
Numb3rs
72.2%
Cold Case
70.4%
Without a Trace
62%
Still Standing
59.2%
Remove Ads.
Support Sporcle.
Get the best of Sporcle when you Go Orange. This ad-free experience offers more features, more stats, and more fun while also helping to support Sporcle. Thank you for becoming a member.

You're not logged in!

Compare scores with friends on all Sporcle quizzes.
OR
Log In

Show Comments

Extras

Top Quizzes Today


Score Distribution

Your Account Isn't Verified!

In order to create a playlist on Sporcle, you need to verify the email address you used during registration. Go to your Sporcle Settings to finish the process.

Report this User

Report this user for behavior that violates our Community Guidelines.

Details: